|
|
|
|
| LEADER |
01573cam a2200337 a 4500 |
| 001 |
c000402336 |
| 003 |
CARM |
| 005 |
20190312110648.0 |
| 008 |
190312s1924 pau b 000 0 eng d |
| 010 |
|
|
|a 29022492
|
| 019 |
1 |
|
|a 25971019
|5 LACONCORD2021
|
| 035 |
|
|
|a (OCoLC)2720376
|5 LACONCORD2021
|
| 040 |
|
|
|a VCAV
|b eng
|c VCAV
|
| 042 |
|
|
|a premarc
|
| 050 |
0 |
0 |
|a QD571
|b .M5
|
| 082 |
0 |
4 |
|a 541.372
|2 22
|
| 100 |
1 |
|
|a Miller, W. Lash
|q (William Lash),
|d 1866-1940.
|
| 245 |
1 |
0 |
|a Concentration and polarization at the cathode during electrolysis of solutions of copper salts :
|b an address /
|c by W. Lash Miller on the occasion of the centenary celebration of the founding of the Franklin Institute and the inauguration exercises of the Bartol Research Foundation, September 17, 18, 19, 1924.
|
| 260 |
|
|
|a Philadelphia :
|b Press of Lippincott,
|c 1924.
|
| 300 |
|
|
|a 14 p. ;
|c 26 cm.
|
| 500 |
|
|
|a Published also as University of Toronto studies. Papers from the chemical laboratories. no. 154. 1925.
|
| 504 |
|
|
|a Includes bibliographical references.
|
| 650 |
|
0 |
|a Electrolysis.
|
| 650 |
|
0 |
|a Solution (Chemistry)
|
| 710 |
2 |
|
|a Franklin Institute (Philadelphia, Pa.)
|
| 852 |
8 |
|
|b CARM
|i C13730
|p 0652434
|f BK
|
| 852 |
8 |
|
|b SCAN
|h A3:AH10G0
|i C13730
|p 0652434
|f BK
|
| 852 |
8 |
|
|b SCAN
|h A3:AH10G0
|i C13730
|p 0652434
|f BK
|
| 999 |
f |
f |
|i 804025f9-11e7-5cac-acd9-eef18ef482fb
|s 1c579f0e-7479-5015-8d42-f2807bc03d88
|
| 952 |
f |
f |
|p Can circulate
|a CAVAL
|b CAVAL
|c CAVAL
|d CARM 1 Store
|e C13730
|h Other scheme
|i book
|m 0652434
|
| 952 |
f |
f |
|a CAVAL
|b CAVAL
|c CAVAL
|d Unmapped Location
|e C13730
|f A3:AH10G0
|h Other scheme
|